[Event "32nd ECC Open 2016"]
[Site "Novi Sad SRB"]
[Date "2016.11.10"]
[Round "5.8"]
[Board "4"]
[White "Studer, Noel"]
[Black "Greenfeld, Alon"]
[Result "0-1"]
[WhiteTitle "IM"]
[BlackTitle "GM"]
[WhiteElo "2436"]
[BlackElo "2562"]
[WhiteTeam "Schachgesellschaft Zurich"]
[BlackTeam "Beer Sheva Chess Club"]
[WhiteFideId "1319620"]
[BlackFideId "2800039"]
[EventDate "2016.11.06"]

1. Nf3 c5 2. c4 Nc6 3. d4 cxd4 4. Nxd4 Qb6 5. Nb5 Nf6 6. e3 a6 7. N5c3 e6 8. Be2
d5 9. cxd5 exd5 10. Nxd5 Nxd5 11. Qxd5 Be6 12. Qe4 Qb4+ 13. Qxb4 Nxb4 14. Na3
Nxa2 15. Bd2 Bb4 16. Nc2 Bxd2+ 17. Kxd2 O-O-O+ 18. Nd4 Kb8 19. Bf3 Rd6 20. b3
Nb4 21. Rhc1 Rhd8 22. Rc5 Bd5 23. Bxd5 Nxd5 24. g3 Nc7 25. Ke1 Ne6 26. Nxe6 Rxe6
27. Rd1 Rxd1+ 28. Kxd1 Rb6 29. Kc2 Rf6 30. f4 Rh6 31. h4 Rg6 32. Re5 Rxg3 33.
Re7 f6 34. Kd3 h5 35. Kd4 Ka7 36. Kc5 Rg1 37. Kd5 Kb6 38. e4 Rg4 39. f5 a5 40.
Kc4 Rxh4 41. Re6+ Ka7 42. Re7 Rg4 43. Kb5 h4 44. Kxa5 h3 45. b4 Rg1 0-1

[Event "32nd ECC Open 2016"]
[Site "Novi Sad SRB"]
[Date "2016.11.10"]
[Round "5.8"]
[Board "5"]
[White "Mikhalevski, Victor"]
[Black "Vogt, Lothar"]
[Result "1/2-1/2"]
[WhiteTitle "GM"]
[BlackTitle "GM"]
[WhiteElo "2508"]
[BlackElo "2409"]
[WhiteTeam "Beer Sheva Chess Club"]
[BlackTeam "Schachgesellschaft Zurich"]
[WhiteFideId "2801914"]
[BlackFideId "4611292"]
[EventDate "2016.11.06"]

1. d4 Nf6 2. Nf3 g6 3. g3 Bg7 4. Bg2 O-O 5. O-O d6 6. b3 c5 7. Bb2 cxd4 8. Nxd4
d5 9. c4 dxc4 10. bxc4 Nbd7 11. Nd2 a6 12. N2b3 Qc7 13. Rc1 Ne5 14. Qd2 Bd7 15.
Na5 Rab8 16. c5 Nc6 17. Ndxc6 bxc6 18. Nc4 Nh5 19. Bxg7 Nxg7 20. Qc3 Ne6 21. a4
Rfd8 22. Nb6 Be8 23. a5 Nd4 24. Qc4 Nb5 25. e3 Rd2 26. Qb4 Rbd8 27. h4 h5 28.
Rfe1 f6 29. Nc4 R2d3 30. Bf1 R3d5 31. Bg2 R5d7 32. Bh3 Rd3 33. Qb1 Bf7 34. Bf1
R3d5 35. Nb6 Rd2 36. Nc4 R2d5 37. Nb6 Rd2 38. Qe4 Kg7 39. Bxb5 cxb5 40. c6 R2d6
41. Rc5 Rd1 42. Rxd1 Rxd1+ 43. Kh2 Rd8 44. Qb4 Be6 45. Rc1 Rd6 46. Qf4 Bc4 47.
e4 Rxc6 48. Qxc7 Rxc7 49. Nd5 Rd7 50. Nb4 Rd2 51. Ra1 Rxf2+ 52. Kg1 Rb2 53. Nxa6
b4 54. Nc5 b3 55. a6 Bxa6 56. Nxa6 Ra2 57. Rb1 Rxa6 58. Rxb3 Ra2 59. Kf1 Kf7 60.
Rb6 Ra4 61. e5 fxe5 62. Kf2 Ra2+ 63. Kf3 Ra3+ 64. Kf2 e6 65. Rb8 e4 66. Rb4 e3+
67. Ke2 Kf6 68. Rf4+ Ke5 69. Rb4 Kd5 70. Rb5+ Kc4 71. Rb6 e5 72. Rxg6 Kd4 73.
Kf3 e4+ 74. Ke2 Ra2+ 75. Ke1 Rg2 76. Rd6+ Ke5 77. Rh6 Rxg3 78. Rxh5+ Kf4 79. Rh8
Rg1+ 80. Ke2 Rg2+ 81. Ke1 e2 82. Kd2 Ke5 1/2-1/2

[Event "32nd ECC Open 2016"]
[Site "Novi Sad SRB"]
[Date "2016.11.10"]
[Round "5.8"]
[Board "6"]
[White "Rosenthal, Jonathan"]
[Black "Sidorenko, Ilya"]
[Result "1/2-1/2"]
[WhiteTitle "FM"]
[BlackTitle "IM"]
[WhiteElo "2333"]
[BlackElo "2413"]
[WhiteTeam "Schachgesellschaft Zurich"]
[BlackTeam "Beer Sheva Chess Club"]
[WhiteFideId "1315684"]
[BlackFideId "2807769"]
[EventDate "2016.11.06"]

1. d4 Nf6 2. c4 g6 3. Nc3 d5 4. cxd5 Nxd5 5. e4 Nxc3 6. bxc3 Bg7 7. Be3 c5 8.
Nf3 Qa5 9. Nd2 Nd7 10. Nb3 Qc7 11. Be2 O-O 12. Rc1 Rd8 13. O-O Nf6 14. Nd2 b6
15. d5 c4 16. Bd4 Bh6 17. d6 Qd7 18. Bxc4 Qxd6 19. e5 Qc6 20. exf6 Bb7 21. Qf3
e5 22. Qxc6 Bxc6 23. Bxe5 Bxd2 24. Rcd1 b5 25. Bb3 a5 26. Bd4 Bg5 27. a3 a4 28.
Ba2 Be4 29. Bb1 Bd5 30. Bb6 Rd7 31. Be4 Rb8 32. Be3 Bxe3 33. fxe3 Rbd8 34. Bxd5
Rxd5 35. Rd4 R8d6 36. Rb1 h6 37. Rxb5 Rxb5 38. Rxd6 Rb3 39. Ra6 Rxa3 40. Kf2
Rxc3 41. Rxa4 Rc6 42. Rf4 g5 43. Ra4 1/2-1/2

[Event "32nd ECC Open 2016"]
[Site "Novi Sad SRB"]
[Date "2016.11.10"]
[Round "5.9"]
[Board "2"]
[White "Rapport, Richard"]
[Black "Percivaldi, Martin"]
[Result "1-0"]
[WhiteTitle "GM"]
[BlackTitle "FM"]
[WhiteElo "2730"]
[BlackElo "2373"]
[WhiteTeam "VSK Sveti Nikolaj Srpski"]
[BlackTeam "Gambit ASSECO SEE"]
[WhiteFideId "738590"]
[BlackFideId "1508148"]
[EventDate "2016.11.06"]

1. Nf3 d5 2. g3 c6 3. Bg2 Nf6 4. O-O Bf5 5. d3 e6 6. Nh4 Bg4 7. h3 Bh5 8. Qe1
Be7 9. f4 Nfd7 10. Nf3 O-O 11. g4 Bg6 12. e4 f6 13. Kh1 Bf7 14. Nc3 c5 15. exd5
exd5 16. Nh4 Nb6 17. Nf5 Nc6 18. a4 a5 19. Qg3 Qd7 20. Nxe7+ Qxe7 21. f5 Nd4 22.
Bf4 Qd7 23. Bd6 Rfc8 24. Bxc5 Rxc5 25. Qf2 Nxc2 26. Qxc5 Nxa1 27. Rxa1 Qc6 28.
Qd4 Re8 29. Rc1 h6 30. Qf4 Qd7 31. Nb5 Rc8 32. b3 Rxc1+ 33. Qxc1 Nc8 34. d4 b6
35. Kg1 Ne7 36. Qf4 Nc6 37. Kf2 Qe7 38. Qc1 Qd7 39. Bf3 Kf8 40. Qf4 Ke7 41. h4
Kf8 42. Ke3 Qe7+ 43. Kd3 Qd7 44. Kc3 Qe7 45. Kb2 Qb4 46. Qe3 Qe7 47. Qc3 Qd7 48.
Be2 Nb4 49. Qg3 Nc6 50. Qf4 Qd8 51. Bf1 Qb8 52. Nc7 Ne5 53. Qc1 Nxg4 54. Qc6 Ne3
55. Bd3 h5 56. Qd7 Kg8 57. Qe7 Qc8 58. Ba6 Qb8 59. Bd3 Ng2 60. Ne6 Qe8 61. Qd6
Nxh4 62. Qxd5 Nxf5 63. Bxf5 g6 64. Qd6 gxf5 65. Qg3+ Bg6 66. d5 Kh7 67. Qc7+ Bf7
68. Nd4 Kh8 69. d6 Qe5 70. Qxb6 Qd5 71. Kc3 h4 72. Qb8+ Kg7 73. Qb5 h3 74. Nxf5+
Kf8 75. Qxd5 1-0

[Event "32nd ECC Open 2016"]
[Site "Novi Sad SRB"]
[Date "2016.11.10"]
[Round "5.9"]
[Board "3"]
[White "Danchevski, Orce"]
[Black "Morozevich, Alexander"]
[Result "0-1"]
[WhiteTitle "IM"]
[BlackTitle "GM"]
[WhiteElo "2357"]
[BlackElo "2683"]
[WhiteTeam "Gambit ASSECO SEE"]
[BlackTeam "VSK Sveti Nikolaj Srpski"]
[WhiteFideId "15000311"]
[BlackFideId "4116992"]
[EventDate "2016.11.06"]

1. c4 e5 2. Nc3 Nf6 3. Nf3 Nc6 4. d4 exd4 5. Nxd4 Bb4 6. Nxc6 bxc6 7. Bd2 O-O 8.
a3 Bd6 9. Bg5 h6 10. Bh4 Be5 11. Qc2 Rb8 12. e3 Qe8 13. Be2 Ne4 14. Nxe4 Rxb2
15. Qd3 f5 16. Nc3 g5 17. f4 gxf4 18. Rc1 fxe3 19. Nd1 Ra2 20. c5 d5 21. cxd6
Bxd6 22. Qb3+ Be6 23. Bc4 Bxc4 24. Qxc4+ Qf7 25. Qxf7+ Rxf7 26. Nc3 Rxg2 27. Kf1
Rb2 28. Rb1 Rc2 29. Ne2 c5 30. Be1 f4 31. Rb8+ Kh7 32. Bc3 f3 33. Rh8+ Kg6 34.
Rg1+ Kh5 0-1

[Event "32nd ECC Open 2016"]
[Site "Novi Sad SRB"]
[Date "2016.11.10"]
[Round "5.9"]
[Board "4"]
[White "Ivanisevic, Ivan"]
[Black "Stojcevski, Zoran"]
[Result "1/2-1/2"]
[WhiteTitle "GM"]
[BlackTitle "FM"]
[WhiteElo "2645"]
[BlackElo "2316"]
[WhiteTeam "VSK Sveti Nikolaj Srpski"]
[BlackTeam "Gambit ASSECO SEE"]
[WhiteFideId "912417"]
[BlackFideId "15000192"]
[EventDate "2016.11.06"]

1. d4 Nf6 2. c4 e6 3. Nc3 Bb4 4. Qc2 d5 5. cxd5 Qxd5 6. Nf3 Qf5 7. Qb3 Nc6 8.
Bd2 O-O 9. h3 Rd8 10. a3 Bxc3 11. Bxc3 b6 12. e3 Bb7 13. Be2 Ne4 14. O-O Ne7 15.
Ne5 Nxc3 16. bxc3 Ng6 17. Bg4 Qf6 18. f4 Nh4 19. Rf2 Be4 20. Raf1 g6 21. a4 a5
22. Qa3 Kg7 23. c4 h5 24. Be2 Nf5 25. Bf3 Bxf3 26. Rxf3 h4 27. Qa1 Kg8 28. Rd1
c5 29. d5 exd5 30. cxd5 Ng3 31. Rf2 Rd6 32. Qb1 Re8 33. Nc4 Rdd8 34. Qb2 Ne4 35.
Qxf6 Nxf6 36. d6 Ne4 37. Rc2 Re6 38. Rd5 Kf8 39. Rb2 Nc3 40. Rd3 Nxa4 41. Rb1
Re4 42. Nxb6 Nxb6 43. Rxb6 c4 44. Ra3 Re6 45. Rxa5 Rxe3 46. Rd5 Re6 47. f5 gxf5
48. Rc6 c3 49. Rxf5 Rdxd6 50. Rxc3 Rf6 51. Rh5 Rf4 52. Rf3 Rxf3 53. gxf3 Rd4 54.
Kf2 Kg7 55. Ke3 Ra4 56. Re5 Kg6 57. Re4 Ra3+ 58. Kf4 Ra1 59. Rd4 Rg1 60. Rd6+
Kg7 61. Rd5 Kg6 62. Rd8 Kg7 63. Rd5 1/2-1/2

[Event "32nd ECC Open 2016"]
[Site "Novi Sad SRB"]
[Date "2016.11.10"]
[Round "5.9"]
[Board "5"]
[White "Dinev, Dejan"]
[Black "Markus, Robert"]
[Result "0-1"]
[WhiteTitle "FM"]
[BlackTitle "GM"]
[WhiteElo "2297"]
[BlackElo "2652"]
[WhiteTeam "Gambit ASSECO SEE"]
[BlackTeam "VSK Sveti Nikolaj Srpski"]
[WhiteFideId "15000095"]
[BlackFideId "921637"]
[EventDate "2016.11.06"]

1. e4 c5 2. Nf3 e6 3. Nc3 a6 4. Be2 Nc6 5. O-O Qc7 6. d4 cxd4 7. Nxd4 Nf6 8.
Nxc6 bxc6 9. a3 d5 10. Bf3 Bd6 11. g3 O-O 12. Re1 Bb7 13. Bg5 Be5 14. Qd2 Nd7
15. Rab1 d4 16. Ne2 h6 17. Bf4 c5 18. c3 Bxf4 19. gxf4 e5 20. cxd4 cxd4 21. Rbc1
Qb6 22. Bg2 Nc5 23. Rc4 Bxe4 24. fxe5 Bxg2 25. Kxg2 Rad8 26. b4 Ne6 27. Ng3 Qb5
28. Rc2 d3 29. Rc3 Rd4 30. Kf1 Qd5 31. Re3 Nf4 32. f3 Qe6 33. Rc5 Rfd8 34. Re4
Qh3+ 35. Kg1 Ne2+ 0-1

[Event "32nd ECC Open 2016"]
[Site "Novi Sad SRB"]
[Date "2016.11.10"]
[Round "5.9"]
[Board "6"]
[White "Perunovic, Milos"]
[Black "Nikolovski, Nikola"]
[Result "1/2-1/2"]
[WhiteTitle "GM"]
[BlackTitle "FM"]
[WhiteElo "2616"]
[BlackElo "2274"]
[WhiteTeam "VSK Sveti Nikolaj Srpski"]
[BlackTeam "Gambit ASSECO SEE"]
[WhiteFideId "921629"]
[BlackFideId "15002314"]
[EventDate "2016.11.06"]

1. e4 c5 2. Nf3 d6 3. d4 cxd4 4. Nxd4 Nf6 5. Nc3 Nc6 6. Bg5 e6 7. Qd2 a6 8.
O-O-O Bd7 9. f4 b5 10. Bxf6 gxf6 11. Kb1 b4 12. Nce2 Qb6 13. h4 Rg8 14. Rh3 Rg4
15. Nf3 Qf2 16. Qd3 a5 17. g3 Qc5 18. Rh2 h5 19. Nd2 Rc8 20. c4 a4 21. e5 f5 22.
Nf3 Na5 23. Ng5 Nxc4 24. Nd4 b3 25. Bh3 bxa2+ 26. Kxa2 Rxg5 27. hxg5 dxe5 28.
Nxf5 Bc6 29. Bg2 Bb5 30. Bf1 exf5 31. Qxf5 Nd6 32. Qxe5+ Qxe5 33. fxe5 Bxf1 34.
Rxf1 Ne4 35. Rf4 Nxg5 36. Rxh5 Ne6 37. Rxa4 Bg7 38. Ra7 Rc5 39. Rf5 Nd8 40. Rg5
Ne6 41. Ra8+ Ke7 42. Ra7+ Ke8 43. Ra8+ Ke7 1/2-1/2

[Event "32nd ECC Open 2016"]
[Site "Novi Sad SRB"]
[Date "2016.11.10"]
[Round "5.10"]
[Board "1"]
[White "Predojevic, Borki"]
[Black "Nijboer, Friso"]
[Result "0-1"]
[WhiteTitle "GM"]
[BlackTitle "GM"]
[WhiteElo "2636"]
[BlackElo "2550"]
[WhiteTeam "Vaalerenga Chess Club"]
[BlackTeam "En Passant"]
[WhiteFideId "930849"]
[BlackFideId "1000063"]
[EventDate "2016.11.06"]

1. d4 f5 2. Nc3 Nf6 3. Bg5 d5 4. e3 e6 5. Nf3 Be7 6. Bd3 O-O 7. O-O h6 8. Bxf6
Bxf6 9. Ne2 Nc6 10. c4 dxc4 11. Bxc4 Kh7 12. Rc1 Qd6 13. Nf4 e5 14. dxe5 Qxd1
15. Rfxd1 Nxe5 16. Ne6 Bxe6 17. Bxe6 Nxf3+ 18. gxf3 f4 19. Rxc7 fxe3 20. fxe3
Be5 21. Re7 Bxb2 22. Rxb7 Rab8 23. Bf5+ Kg8 24. Rxb8 Rxb8 25. Kf2 Kf7 26. Rd7+
Kf6 27. Bc2 a5 28. Bb3 g5 29. Ra7 Bc3 30. Ra6+ Kg7 31. Rc6 Bb4 32. Rc7+ Kf6 33.
h4 Rd8 34. h5 Rd2+ 35. Kf1 g4 36. Rg7 0-1

[Event "32nd ECC Open 2016"]
[Site "Novi Sad SRB"]
[Date "2016.11.10"]
[Round "5.10"]
[Board "2"]
[White "Vedder, Henk"]
[Black "Romanov, Evgeny"]
[Result "1/2-1/2"]
[WhiteTitle "IM"]
[BlackTitle "GM"]
[WhiteElo "2370"]
[BlackElo "2633"]
[WhiteTeam "En Passant"]
[BlackTeam "Vaalerenga Chess Club"]
[WhiteFideId "1002872"]
[BlackFideId "4148843"]
[EventDate "2016.11.06"]

1. Nc3 Nf6 2. d4 d5 3. Bg5 Nbd7 4. f3 h6 5. Bh4 c5 6. dxc5 e6 7. e4 Bxc5 8. exd5
exd5 9. Qe2+ Be7 10. O-O-O O-O 11. g4 Re8 12. Qg2 Nb6 13. Bf2 Be6 14. h4 Rc8 15.
Bd4 Bc5 16. g5 Nh5 17. Bb5 Bxd4 18. Rxd4 Bd7 19. Bxd7 Qxd7 20. Nge2 Qe6 21. Kb1
Nc4 22. Qg4 Qg6 23. gxh6 Qxh6 24. Nxd5 Nd2+ 25. Ka1 Rxc2 26. Nec3 g6 27. Rd1 f5
28. Qh3 Nc4 29. Qf1 Nxb2 30. Qb5 Re6 31. Rb1 Qg7 32. Rb4 Rxc3 33. Nxc3 Qxc3 34.
R4xb2 Rb6 35. Qd5+ Kh7 36. Qd2 Qe5 37. Re1 Qf6 38. Kb1 Ng7 39. Rxb6 Qxb6+ 40.
Qb2 Qd6 41. Ka1 Qg3 42. Rf1 b6 43. Qd4 Ne6 44. Qd7+ Ng7 45. Qd4 Ne6 46. Qd7+ Ng7
47. Qd4 1/2-1/2

[Event "32nd ECC Open 2016"]
[Site "Novi Sad SRB"]
[Date "2016.11.10"]
[Round "5.10"]
[Board "3"]
[White "Tari, Aryan"]
[Black "Peng, Zhaoqin"]
[Result "1-0"]
[WhiteTitle "GM"]
[BlackTitle "GM"]
[WhiteElo "2572"]
[BlackElo "2380"]
[WhiteTeam "Vaalerenga Chess Club"]
[BlackTeam "En Passant"]
[WhiteFideId "1510045"]
[BlackFideId "1004786"]
[EventDate "2016.11.06"]

1. e4 d6 2. d4 Nf6 3. Nc3 e5 4. Nf3 Nbd7 5. Bc4 Be7 6. a4 O-O 7. O-O exd4 8.
Nxd4 Ne5 9. Ba2 Nc6 10. Re1 Nb4 11. Bb3 Re8 12. Bf4 a6 13. Qe2 c5 14. Nf3 Nh5
15. Be3 Be6 16. Bxe6 fxe6 17. e5 d5 18. g4 d4 19. Rad1 Qc7 20. Nxd4 cxd4 21.
Rxd4 Qxe5 22. gxh5 Nd5 23. Nxd5 exd5 24. Qf3 Rad8 25. h6 Bd6 26. Rxd5 Qxh2+ 27.
Kf1 Be5 28. Red1 Rc8 29. c3 Rf8 30. Qg2 Qxg2+ 31. Kxg2 Rfe8 32. Rd7 b5 33. axb5
axb5 34. hxg7 Bxg7 35. R1d5 1-0

[Event "32nd ECC Open 2016"]
[Site "Novi Sad SRB"]
[Date "2016.11.10"]
[Round "5.10"]
[Board "4"]
[White "Van de Griendt, Jan Willem"]
[Black "Bosiocic, Marin"]
[Result "0-1"]
[WhiteTitle "IM"]
[BlackTitle "GM"]
[WhiteElo "2357"]
[BlackElo "2586"]
[WhiteTeam "En Passant"]
[BlackTeam "Vaalerenga Chess Club"]
[WhiteFideId "1002112"]
[BlackFideId "14507927"]
[EventDate "2016.11.06"]

1. d4 Nf6 2. Bg5 e6 3. Nf3 c5 4. c3 h6 5. Bxf6 Qxf6 6. e4 cxd4 7. cxd4 Bb4+ 8.
Nc3 Nc6 9. a3 Bxc3+ 10. bxc3 d6 11. Bb5 Bd7 12. O-O O-O 13. Rb1 Rfd8 14. Bxc6
Bxc6 15. d5 exd5 16. exd5 Bd7 17. Rxb7 Qxc3 18. Qd4 Qxa3 19. Ra1 Qc5 20. Qxc5
dxc5 21. Rc7 Bf5 22. Rxc5 Be4 23. Raa5 Bxf3 24. gxf3 Rd7 25. Rc6 Rb8 26. Rca6
Rbb7 27. Kg2 Kf8 28. Kg3 f6 29. Kf4 Kf7 30. Ra4 Kg6 31. R4a5 Re7 32. Ra4 Kh5 33.
d6 Re5 34. Rxa7 Kh4 35. Re4 g5+ 36. Ke3+ Rxe4+ 37. fxe4 Rxa7 38. e5 fxe5 39. Ke4
Kh3 0-1

[Event "32nd ECC Open 2016"]
[Site "Novi Sad SRB"]
[Date "2016.11.10"]
[Round "5.10"]
[Board "5"]
[White "Holm, Kristian Stuvik"]
[Black "Vedder, Richard"]
[Result "1-0"]
[WhiteTitle "IM"]
[BlackTitle "FM"]
[WhiteElo "2420"]
[BlackElo "2208"]
[WhiteTeam "Vaalerenga Chess Club"]
[BlackTeam "En Passant"]
[WhiteFideId "1508083"]
[BlackFideId "1004166"]
[EventDate "2016.11.06"]

1. Nf3 d5 2. g3 Bf5 3. Bg2 Nf6 4. O-O e6 5. d3 h6 6. c4 c6 7. cxd5 cxd5 8. Qb3
Qb6 9. Be3 Qxb3 10. axb3 Nc6 11. Nd4 Nxd4 12. Bxd4 a6 13. Rc1 Kd7 14. Nc3 Bb4
15. Na4 Kd6 16. Nb6 Rad8 17. f4 Ne8 18. e4 dxe4 19. dxe4 Ke7 20. Bf2 Bh7 21. Rc4
a5 22. Nc8+ Kf6 23. e5+ Kg6 24. Rxb4 Rxc8 25. Rxb7 f6 26. Be4+ f5 27. Bf3 Rc2
28. Bb6 Rf8 29. Bxa5 Bg8 30. Rb8 Bf7 31. Bc3 Rg8 32. Bd1 1-0

[Event "32nd ECC Open 2016"]
[Site "Novi Sad SRB"]
[Date "2016.11.10"]
[Round "5.10"]
[Board "6"]
[White "De Graaf, Dick"]
[Black "Christiansen, Johan-Sebastian"]
[Result "0-1"]
[BlackTitle "IM"]
[WhiteElo "2207"]
[BlackElo "2425"]
[WhiteTeam "En Passant"]
[BlackTeam "Vaalerenga Chess Club"]
[WhiteFideId "1005677"]
[BlackFideId "1512668"]
[EventDate "2016.11.06"]

1. e4 e6 2. d4 d5 3. Nc3 Nf6 4. e5 Nfd7 5. f4 c5 6. Nf3 Nc6 7. Be3 Be7 8. Qd2
O-O 9. O-O-O c4 10. Ne2 b5 11. Kb1 b4 12. Nc1 a5 13. f5 exf5 14. Qf2 a4 15. h4
b3 16. a3 c3 17. cxb3 axb3 18. bxc3 Rxa3 19. Qb2 Nb6 20. Bg5 f6 21. exf6 gxf6
22. Qf2 fxg5 23. hxg5 Na4 24. Rd3 Ba6 25. Qh4 Rf7 26. Qh6 Qa5 27. Qxc6 Ra1+ 28.
Kxa1 Nxc3+ 29. Kb2 Qa3+ 30. Kxc3 Bb4# 0-1

[Event "32nd ECC Open 2016"]
[Site "Novi Sad SRB"]
[Date "2016.11.10"]
[Round "5.11"]
[Board "1"]
[White "Dambacher, Martijn"]
[Black "Petenyi, Tamas"]
[Result "0-1"]
[WhiteTitle "GM"]
[BlackTitle "IM"]
[WhiteElo "2479"]
[BlackElo "2443"]
[WhiteTeam "KSK47 Eynatten"]
[BlackTeam "SK Dunajska Streda"]
[WhiteFideId "1005030"]
[BlackFideId "14909090"]
[EventDate "2016.11.06"]

1. d4 Nf6 2. c4 c5 3. d5 e6 4. Nc3 exd5 5. cxd5 d6 6. e4 g6 7. f4 Bg7 8. Bb5+
Nfd7 9. a4 O-O 10. Nf3 a6 11. Be2 Re8 12. O-O Qa5 13. Nd2 Qc7 14. Bf3 c4 15. Qe2
b5 16. axb5 Nb6 17. e5 f5 18. e6 axb5 19. Rxa8 Nxa8 20. Qf2 Ba6 21. Na2 Nb6 22.
Nb1 Na4 23. Nbc3 Nc5 24. Nb4 Qa5 25. Nca2 Bb7 26. Be3 Nba6 27. Nxa6 Nd3 28. Qd2
Qxd2 29. Bxd2 Bd4+ 30. Kh1 Bxa6 31. Nb4 Nf2+ 32. Rxf2 Bxf2 33. g4 Bb7 34. gxf5
gxf5 35. Bh5 Rxe6 36. Kg2 Bc5 37. Kf1 Rh6 0-1

[Event "32nd ECC Open 2016"]
[Site "Novi Sad SRB"]
[Date "2016.11.10"]
[Round "5.11"]
[Board "2"]
[White "Bokros, Albert"]
[Black "Swinkels, Robin"]
[Result "1/2-1/2"]
[WhiteTitle "IM"]
[BlackTitle "GM"]
[WhiteElo "2492"]
[BlackElo "2480"]
[WhiteTeam "SK Dunajska Streda"]
[BlackTeam "KSK47 Eynatten"]
[WhiteFideId "710458"]
[BlackFideId "1010824"]
[EventDate "2016.11.06"]

1. e4 e5 2. Nf3 Nc6 3. Bb5 Nf6 4. O-O Nxe4 5. Re1 Nd6 6. Nxe5 Nxe5 7. Rxe5+ Be7
8. Bf1 O-O 9. d4 Bf6 10. Re1 Re8 11. c3 Rxe1 12. Qxe1 Qe8 13. Qxe8+ Nxe8 14. Nd2
Bg5 15. Nf3 Bxc1 16. Rxc1 d5 17. Bd3 Nd6 18. Re1 c6 19. Kf1 a5 20. h3 Kf8 21.
Ke2 Bf5 22. Bxf5 Nxf5 23. Kd3 Nd6 24. Nd2 a4 25. Re3 f6 26. Re6 Rd8 27. Kc2 Kf7
28. Re1 Ra8 29. Re2 h5 30. Kd3 g5 31. c4 1/2-1/2

[Event "32nd ECC Open 2016"]
[Site "Novi Sad SRB"]
[Date "2016.11.10"]
[Round "5.11"]
[Board "3"]
[White "Zelbel, Patrick"]
[Black "Czebe, Attila"]
[Result "0-1"]
[WhiteTitle "IM"]
[BlackTitle "GM"]
[WhiteElo "2457"]
[BlackElo "2482"]
[WhiteTeam "KSK47 Eynatten"]
[BlackTeam "SK Dunajska Streda"]
[WhiteFideId "24624322"]
[BlackFideId "705268"]
[EventDate "2016.11.06"]

1. e4 d6 2. d4 Nf6 3. Nc3 e5 4. Nf3 Nbd7 5. Bc4 Be7 6. a4 c6 7. O-O Qc7 8. Re1
h6 9. h3 O-O 10. Be3 Re8 11. a5 Nf8 12. Bb3 Ng6 13. d5 c5 14. Nd2 Nh7 15. a6
bxa6 16. Bc4 f5 17. Qh5 Rf8 18. Qxg6 f4 19. Bxf4 Rxf4 20. Qe8+ Rf8 21. Qc6 Qb8
22. Bxa6 Qxb2 23. Qxa8 Bxa6 24. Qxa7 Qxc3 25. Nf3 Rxf3 26. gxf3 Ng5 27. Qxa6
Nxf3+ 28. Kh1 Nxe1 29. Ra3 Qb4 30. Qc8+ Bf8 31. Qe6+ Kh8 32. Qf5 Qb8 33. Rc3 Be7
34. Qd7 Qf8 35. Kg1 Bh4 36. Qf5 Qxf5 37. exf5 Bf6 38. Kf1 e4 39. Rc4 Nf3 40. Kg2
Nd4 41. Kg3 Ne2+ 42. Kg4 Nc3 43. Kh5 Kh7 44. Kg4 Kg8 45. Kh5 Kf7 46. Kg4 Bd4 47.
h4 Kf6 48. Kh5 Kxf5 49. f3 exf3 50. Rxd4 g6+ 51. Kxh6 cxd4 0-1

[Event "32nd ECC Open 2016"]
[Site "Novi Sad SRB"]
[Date "2016.11.10"]
[Round "5.11"]
[Board "4"]
[White "Bagi, Mate"]
[Black "Koch, Thomas1"]
[Result "1/2-1/2"]
[WhiteTitle "IM"]
[BlackTitle "IM"]
[WhiteElo "2449"]
[BlackElo "2472"]
[WhiteTeam "SK Dunajska Streda"]
[BlackTeam "KSK47 Eynatten"]
[WhiteFideId "742570"]
[BlackFideId "4600533"]
[EventDate "2016.11.06"]

1. e4 c5 2. Nf3 d6 3. d4 cxd4 4. Qxd4 Nc6 5. Bb5 Bd7 6. Qd3 Nf6 7. c4 e6 8. Nc3
a6 9. Bxc6 Bxc6 10. O-O Be7 11. Bf4 O-O 12. Rfd1 Qb6 13. Rab1 Rfd8 14. b4 Rac8
15. Rdc1 Qa7 16. Nd4 Ng4 17. h3 Bf6 18. Nce2 Ne5 19. Bxe5 Bxe5 20. Nxc6 Rxc6 21.
Rc2 Rdc8 22. Rbc1 Qb6 23. a3 g6 24. g3 a5 25. Qd2 axb4 26. axb4 Qa7 27. Kg2 Ra6
28. Ng1 Qb8 29. Nf3 Bf6 30. Nd4 Bxd4 31. Qxd4 Rac6 32. Rc3 b6 33. h4 h5 34. Kh2
Qc7 35. R1c2 Qe7 36. Rc1 Qf8 37. R1c2 Qg7 38. Qxg7+ Kxg7 39. Kg2 Kf6 40. Kf3 b5
41. c5 dxc5 42. bxc5 e5 43. Ke3 Ke6 44. Rc1 R8c7 45. R1c2 f6 46. Rc1 f5 47.
exf5+ gxf5 48. Kf3 f4 49. gxf4 Rf7 50. Rb3 Rxf4+ 51. Kg3 Kf5 52. f3 Rg6+ 53. Kh3
Rc6 54. Kg3 b4 55. Rc2 Rg6+ 56. Kh3 Rc6 57. Kg3 Rd4 58. Rcb2 Rg6+ 59. Kf2 Rc6
60. Rxb4 Rxc5 61. Kg3 Rxb4 1/2-1/2

[Event "32nd ECC Open 2016"]
[Site "Novi Sad SRB"]
[Date "2016.11.10"]
[Round "5.11"]
[Board "5"]
[White "Stillger, Bernhard"]
[Black "Varga, Zoltan"]
[Result "1/2-1/2"]
[WhiteTitle "FM"]
[BlackTitle "GM"]
[WhiteElo "2255"]
[BlackElo "2418"]
[WhiteTeam "KSK47 Eynatten"]
[BlackTeam "SK Dunajska Streda"]
[WhiteFideId "4610768"]
[BlackFideId "700509"]
[EventDate "2016.11.06"]

1. d4 d5 2. c4 dxc4 3. e3 e6 4. Bxc4 Nf6 5. Nf3 a6 6. O-O c5 7. dxc5 Bxc5 8.
Qxd8+ Kxd8 9. Be2 Nc6 10. Nbd2 Ke7 11. a3 b5 12. b4 Bd6 13. Bb2 Bb7 14. Rac1
Rac8 15. Nb3 Nb8 16. Nfd4 Rxc1 17. Rxc1 Rc8 18. Rxc8 Bxc8 19. Bf3 e5 20. Ne2 Bg4
21. Bxg4 Nxg4 22. e4 Nf6 23. f3 Nfd7 24. Kf2 Nc6 25. Ke3 Nb6 26. Kd3 Ke6 27. Bc1
h5 28. g3 g6 29. h3 f5 30. Be3 Nc4 31. Bc1 Kd7 32. Nd2 Nb6 33. Nb3 Ke6 34. Be3
Nc4 35. Bc1 Nb6 36. Be3 1/2-1/2

[Event "32nd ECC Open 2016"]
[Site "Novi Sad SRB"]
[Date "2016.11.10"]
[Round "5.11"]
[Board "6"]
[White "Meszaros, Michal"]
[Black "Vanstreels, Luc"]
[Result "1-0"]
[WhiteTitle "IM"]
[WhiteElo "2391"]
[BlackElo "2108"]
[WhiteTeam "SK Dunajska Streda"]
[BlackTeam "KSK47 Eynatten"]
[WhiteFideId "14905329"]
[BlackFideId "205737"]
[EventDate "2016.11.06"]

1. e4 c6 2. d4 d5 3. Nd2 dxe4 4. Nxe4 Nd7 5. Ng5 Ngf6 6. Bd3 e6 7. Qe2 Bd6 8.
N1f3 h6 9. Ne4 Nxe4 10. Qxe4 Qc7 11. Qg4 Kf8 12. O-O b6 13. b3 Nf6 14. Qh4 Bb7
15. Bb2 c5 16. dxc5 Qxc5 17. Bxf6 gxf6 18. Be4 Bxe4 19. Qxe4 Rd8 20. c4 f5 21.
Qe2 e5 22. Rad1 e4 23. Nh4 Be7 24. Qh5 Bxh4 25. Qxh4 Rd6 26. Qf4 Ke7 27. b4 Qxb4
28. Qe5+ 1-0